Raíces contemporáneas de américa latina /

Guardado en:
Autor Principal: Beyhaut, Gustavo
Formato: Libro
Publicado: Buenos Aires : Eudeba, 1964
Materias:
Etiquetas: Agregar Etiqueta
Sin Etiquetas, Sea el primero en etiquetar este registro!
LEADER 00468nam a22001695a 4500
001 CEM.cems001038
005 20060213000000.0
008 130507s1964##################000#0#####d
003 CEMS
082 0 4 |a 980 
100 1 |a Beyhaut, Gustavo 
245 1 0 |a Raíces contemporáneas de américa latina / 
260 |a Buenos Aires :  |b Eudeba,  |c 1964 
300 |a 168 p. 
653 |a Historia 
653 |a Historia de america 
859 |a CEMS  |b BIB. CEMS - 11 de abril  |h 980  |i B468  |p 4833.76  |t Ej.1